Memòria /
Descripción Física:
29 p. ; 30 cm
MARC
| LEADER | 00000nam a2200000Ia 4500 | ||
|---|---|---|---|
| 001 | 20501 | ||
| 008 | 160829s2001 xx 000 0 cat d | ||
| 080 | |a FU-12-62 | ||
| 110 | 2 | |a Centre de Documentació i Museu Tèxtil (Terrassa, Catalunya) |9 54995 | |
| 245 | |a Memòria / |c Centre de Documentació i Museu Tèxtil | ||
| 260 | |a Terrassa : |b el Centre, |c 2001 | ||
| 300 | |a 29 p. ; |c 30 cm | ||
| 610 | 2 | 0 | |9 54995 |a Centre de Documentació i Museu Tèxtil (Terrassa, Catalunya) |
| 610 | 2 | 0 | |a Centre de Documentació i Museu Tèxtil (Terrassa, Catalunya) |v Revistes |9 54996 |
| 650 | |a Indústria tèxtil |x Terrassa |9 45752 | ||
| 866 | |a 2001 | ||
| 901 | |a Arxiu | ||
| 942 | |n 1 |2 udc | ||
| 952 | |0 0 |1 0 |4 0 |7 1 |9 52792 |a Arxiu |b Arxiu |d 2016-12-01 |h 2001 |o FU-12-62 |p 20501 |r 2016-12-01 00:00:00 |w 2016-12-01 |y ARXIU | ||
| 999 | |c 56641 |d 56641 | ||